000
00312nam a2200121Ia 4500
008
240624s9999 xx 000 0 und d
041
_a
eng
082
_a
658.4063 DUT
100
_a
DUTTON JANE E
245
_a
ENERGIZE YOUR WORKPLACE HOW TO CREATE AN
260
_c
2003
_a
San Francisco
_b
Jossey Bass
365
_c
RS
999
_c
27147
_d
27147